000 00485cam a22001815a 4500
001 L157244
008 121004m17901799xxk f 000 0 eng d
035 _a(Sirsi) u157244
041 0 _aeng
100 1 _aFaden, William
_d1750?-1836
245 0 1 _a[General atlas]
260 _a[London]
_b[William Faden]
_c[1790-1799]
300 _a1 v.
_c50 cm.
583 _aCondition reviewed
_c20120620
_lcondition level 4
651 4 _aInternational
690 _aGeomatics
_96242
942 _n0
999 _c114671
_d114671